|
|
|
|
| LEADER |
00000nam0a2200000 4500 |
| 001 |
107766 |
| 005 |
20231031115414.0 |
| 010 |
|
|
|a 5947742047
|
| 035 |
|
|
|a (RuTPU)RU\TPU\book\116333
|
| 090 |
|
|
|a 107766
|
| 100 |
|
|
|a 20061228d2004 m y0rusy50 ca
|
| 101 |
0 |
|
|a rus
|
| 102 |
|
|
|a RU
|
| 105 |
|
|
|a a j 001zy
|
| 200 |
1 |
|
|a Эколого-аналитический мониторинг стойких органических загрязнителей
|e учебное пособие для вузов
|f В. И. Майстренко, Н. А. Клюев
|
| 210 |
|
|
|a Москва
|c БИНОМ. Лаборатория знаний
|d 2004
|
| 215 |
|
|
|a 323 с.
|c ил.
|
| 320 |
|
|
|a Библиогр. в конце гл.
|
| 330 |
|
|
|a В учебном пособии обобщены данные по организации и проведению эколого-аналитического мониторинга стойких органических загрязнителей (СОЗ) —полихлорированных диоксинов, дибензофуранов, бифенилов, хлорсодержащих пестицидов, полициклических ароматических углеводородов, хлорфенолов, фталатов, хлорбензолов, органических соединений ртути, олова и свинца в природных средах и живых организмах, а также применению методов аналитической химии для определения этих веществ в различных объектах. Рассмотрены особенности распространения СОЗ в природных средах, их свойства, классификация. Большое внимание уделено методам пробоотбора, пробоподготовки и определения СОЗ в природных матрицах. Для студентов и преподавателей химических, биологических и медицинских вузов, а также специалистов в области охраны природы и аналитической химии.
|
| 451 |
|
1 |
|0 (RuTPU)RU\TPU\book\177291
|y 978-5-94774-204-6
|t Эколого-аналитический мониторинг стойких органических загрязнителей
|o учебное пособие для вузов
|f В. И. Майстренко, Н. А. Клюев
|c М.
|n БИНОМ. Лаборатория знаний
|d 2009
|p 323 с.
|a Майстренко, Валерий Николаевич
|
| 610 |
1 |
|
|a стойкие органические загрязнители
|
| 610 |
1 |
|
|a эколого-аналитический мониторинг
|
| 610 |
1 |
|
|a учебные пособия
|
| 610 |
1 |
|
|a экологическое нормирование
|
| 610 |
1 |
|
|a приоритетные загрязнители
|
| 610 |
1 |
|
|a источники
|
| 610 |
1 |
|
|a окружающая среда
|
| 610 |
1 |
|
|a загрязнение
|
| 610 |
1 |
|
|a экология
|
| 675 |
|
|
|a 504.064(075.8)
|v 3
|
| 700 |
|
1 |
|a Майстренко
|b В. И.
|g Валерий Николаевич
|
| 701 |
|
1 |
|a Клюев
|b Н. А.
|g Николай Алексеевич
|
| 801 |
|
1 |
|a RU
|b 63413507
|c 20061228
|g PSBO
|
| 801 |
|
2 |
|a RU
|b 63413507
|c 20201201
|g PSBO
|
| 900 |
|
|
|a Эколого-экономическое обоснование инженерных решений
|
| 900 |
|
|
|a Экологическое нормирование
|
| 942 |
|
|
|c BK
|
| 959 |
|
|
|a 116/20061226
|d 1
|e 320,00
|f ЧЗТЛ:1
|